|
|
|
|
| LEADER |
00000nkm a2200000 a 4500 |
| 001 |
vtls011588541 |
| 003 |
SK-MaSNL |
| 005 |
20260512122202.0 |
| 007 |
kp bo |
| 008 |
231214s1952 xo g kuslo |
| 015 |
|
|
|a SNBG
|
| 035 |
|
|
|a urn:nbn:sk:snk-km00coxn
|
| 035 |
|
|
|a urn:nbn:sk:snk-km3lqaw
|
| 035 |
|
|
|a 6C6F28FA-C7D2-4997-91FE-9F8B670D1FBD
|
| 040 |
|
|
|a SNK
|b slo
|c SNK
|e AACR2
|
| 041 |
0 |
|
|a slo
|
| 043 |
|
|
|a e-xo---
|
| 044 |
|
|
|a xo
|c SK
|
| 080 |
|
|
|a 913(437.6)
|2 2011
|
| 080 |
|
|
|a 725.945
|2 2011
|
| 080 |
|
|
|a (084.121)
|2 2011
|
| 245 |
0 |
0 |
|a Galanta
|h grafika
|b Pomník hrdinov ČA
|
| 260 |
|
|
|a Bratislava
|b Tvar
|c 1952
|
| 300 |
|
|
|a 1 pohľadnica
|b čiernobiela
|c 14 x 9 cm
|
| 520 |
8 |
|
|a Zobrazenie: pohľad sprava na pamätník
|
| 650 |
0 |
7 |
|a pamätníky
|2 SNKPH
|9 25601
|
| 651 |
|
7 |
|a Galanta (Slovensko)
|2 SNKPH
|9 15687
|
| 655 |
|
7 |
|a miestne pohľadnice
|2 SNKPH
|9 70510
|
| 852 |
|
|
|a Slovenská národná knižnica
|
| 958 |
|
|
|a GC
|
| 958 |
|
|
|a GBN
|
| 958 |
|
|
|a OND
|
| 999 |
|
|
|c 589502
|d 591432
|
| 952 |
|
|
|a SNK
|b SNK
|y PREZ
|7 0
|p 17A1215315
|o snkSP 10993
|0 0
|1 0
|4 0
|d 2016-10-24
|f 1
|l 0
|r 2026-02-23 15:20:18
|w 2026-02-23
|